| 000 | 00495nam a2200157 a 4500 | ||
|---|---|---|---|
| 001 | 000042535 | ||
| 005 | 20201002040223.0 | ||
| 008 | 131211s1998 ag 000 0 spa d | ||
| 020 | _a9505113854 | ||
| 040 |
_aDO-SdBNP _bspa _cBNPHU |
||
| 100 | 1 |
_aBraceli, Rodolfo _969758 |
|
| 245 | 1 | 0 |
_aArgentinos en la Cornisa. / _cRodolfo Braceli; prólogo, Jorge Fernández Díaz. |
| 260 |
_aBuenos Aires, : _bAguilar, _c1998. |
||
| 300 |
_a450 p. ; _c24 cm. |
||
| 700 | 1 |
_aFernández Díaz, Jorge _eprol. _969759 |
|
| 999 |
_c42024 _d42024 |
||